Monkees Music Quiz - Statistics

General Stats
  • This quiz has been taken 255 times
    130 since last reset
  • The average score is 16 of 21
Answer Stats
Hint Answer % Correct
At the height of their fame, who was the tallest Monkee at 6 foot 1 inch ? Mike Nesmith
99%
Which Monkee died in 2012 ? Davy Jones
95%
Which Monkee normally plays drums ? Micky Dolenz
95%
Which Monkee wears the signature "green woolly hat" ? Mike Nesmith
93%
And which Monkee normally plays bass guitar ? Peter Tork
92%
Which Monkee's mum invented Liquid Paper, correction fluid (aka Tippex) ? Mike Nesmith
91%
In which year did the Monkees TV show first appear on US Television ? 1966
90%
With which Monkee do you associate the First National Band ? Mike Nesmith
87%
Which Monkee portrayed Colin Lomax, Ena Sharples' grandson, in the long running UK soap opera Coronation Street for one episode on 6th March 1961 ? Davy Jones
85%
Which major pop star, whose real name is Davy Jones, changed it to avoid being confused with a Monkee ? David Bowie
83%
How Many Monkees singles reached no 1 in the UK ? One
79%
Which Monkee died from heart failure at his home in Carmel Valley, California, on December 10, 2021, at the age of 78 Michael Nesmith
77%
Who was the writer of the Monkees hit “I’m a believer ?” Neil Diamond
77%
Which Monkees' song begins with this exchange of dialogue ? "7A - What number is this Chip? 7-A OK - Know what I mean, like don’t get excited man. It’s cause I’m short I know" Daydream Believer
74%
From which song do these lyrics come ? "See Mrs. Gray she's proud today Because her roses are in bloom And Mr. Green he's so serene He's got a TV in every room." Pleasant Valley Sunday
71%
Can you name the Monkees psychedelic, adventure, comedy, musical film from 1968 ? Head
70%
Which member of the American supergroup Crosby Stills Nash and Young applied to be a Monkee ? (Need both his first name and surname) Stephen Stills
67%
In which US state would you end up in if you took the Monkees Last Train to Clarksville ? Tennessee
58%
Who was the writer of the Monkees' song “A Little Bit Me, A Little Bit You” ? Neil Diamond
55%
The B side of the 7 inch single of “I’m a Believer” was “I’m not your Stepping Stone”. Which UK punk band covered it in 1980 achieving a UK top 30 hit in the process. ? Sex Pistols
52%
What was the Alternate Title of the Monkees hit called “Alternate Title” ? Randy Scouse Git
42%
No matching quizzes found
Score Distribution
Percent of People with Each Score
Percentile by Number Answered
Your Score History
You have not taken this quiz since the last reset